O que entra nos livros (Registo nº 4121)

Detalhes MARC
000 -Etiqueta do registo
Cabeçalho 00679nam a2200265 4500
005 - Identificador da versão
Campo de controlo 20240813122053.0
010 ## - Número internacional normalizado dos livros (ISBN)
Número (ISBN) 9789724312378
021 ## - Número do Depósito Legal
Código do país PT
Número 254768/07
100 ## - Dados gerais de processamento
Dados gerais de processamento 20081231d2007 m y0pory5003 ba
102 ## - Pais de publicação ou produção
País de publicação Portugal
101 0# - Língua de publicação
Língua do texto, banda sonora, etc. Português
106 ## - Campo de dados codificados: material textual
Dados codificados do material textual r
105 ## - Campo de dados codificados: livros
Dados codificados dos livros y z 000ay
215 ## - Descrição física 
Indicação específica da natureza do documento e extensão da espécie 193, [2] p.
Dimensões 24 cm
200 1# - Titulo e menção de responsabilidade
Título próprio O que entra nos livros
Informação de outro título romance
Primeira menção de responsabilidade António Manuel Venda
225 1# - Colecção 
Título próprio da colecção Literatura universal
Indicação de volume 49
205 ## - Menção da edição
Menção da edição 1a ed
210 ## - Publicação, Distribuição, etc. 
Lugar da edição, distribuição, etc. Porto
Nome do editor, distribuidor, etc. Ambar
Data da publicação, distribuição, etc. 2007
675 ## - Classificação Decimal Universal (CDU)
Notação 821.134.3-31"19/20"
Edição BN
Língua da edição por
700 #1 - Nome de autor-pessoa física (responsabilidade principal)
Número de registo de entrada de autoridade 0000747
Palavra de ordem Venda
Outra parte do nome não tomada para palavra de ordem António Manuel
Datas 1968-
942 ## - Elementos de entrada adicionados (Koha)
Tipo de item no Koha Livro
Exemplares
Situação do levantamento Origin of item (home branch) (coded) Biblioteca de empréstimo Código de barras Cota Circulation type (not for loan) Tipo de documento Nota do exemplar Damaged status
  Biblioteca Escolar das Vendas Biblioteca Escolar das Vendas BEV1776 8POR VEN   Livro Sem mensagem